| 000 | 00000nam 2200000zi 4500 |
| 001 | 9.894535 |
| 003 | CaOODSP |
| 005 | 20240911094148 |
| 006 | m o d f |
| 007 | cr |n||||||||| |
| 008 | 201210t19761977onc ob f000 0 eng d |
| 020 | |z0660008866 |
| 040 | |aCaOODSP|beng|erda|cCaOODSP |
| 043 | |an-cn--- |
| 086 | |aZ1-1975/1-41-30E-PDF|zZ1-1975/1-41-30 |
| 100 | 1 |aHimelfarb, Alexander,|d1947- |eauthor. |
| 245 | 10|aThe social characteristics of one-industry towns in Canada : |ba background report / |cby Alex Himelfarb, Department of Sociology, University of New Brunkwick. |
| 264 | 1|aMississauga, Ontario : |bPhase I Printing Ltd., |cSeptember 1976. |
| 264 | 4|bMinister of Supply and Services Canada, |c©1977 |
| 300 | |a1 online resource (v, 43 pages). |
| 336 | |atext|btxt|2rdacontent |
| 337 | |acomputer|bc|2rdamedia |
| 338 | |aonline resource|bcr|2rdacarrier |
| 490 | 1 |aStudy ; |vno. 30 |
| 500 | |aDigitized edition from print [produced by Privy Council Office]. |
| 500 | |aIssued also in French under title: Caractéristiques sociales des villes canadiennes bâties autour d'une seule entreprise industrielle : une recherche scientifique. |
| 504 | |aIncludes bibliographical references (pages 39-43). |
| 505 | 0 |aAcknowledgements -- Introduction -- The Context -- Community Structure -- Community Institutions -- Interpersonal Relations -- Summary and Implications -- References. |
| 520 | |a"This report attempts to summarize and synthesize what is known about the social characteristics of single-industry communities in Canada"--Introduction, page 2. |
| 650 | 0|aCompany towns|xSocial aspects|zCanada. |
| 650 | 6|aVilles fermées|xAspect social|zCanada. |
| 710 | 1 |aCanada. |bRoyal Commission on Corporate Concentration, |eissuing body. |
| 775 | 08|tCaractéristiques sociales des villes canadiennes bâties autour d'une seule entreprise industrielle : |w(CaOODSP)9.943105 |
| 830 | #0|aStudy (Canada. Royal Commission on Corporate Concentration)|vno. 30.|w(CaOODSP)9.873200 |
| 856 | 40|qPDF|s19.54 MB|uhttps://publications.gc.ca/collections/collection_2020/bcp-pco/Z1-1975-1-41/Z1-1975-1-41-30-eng.pdf |